00997cam a2200193 a 450024500680000026000790006830000210014750001110016865000280027965000140030770000230032170000240034494200070036899900150037595201000039095201000049095201010059095201120069100aSome aspects of the chemistry of the environment of Sri Lanka / a[Colombo] :bSri Lanka Association for the Advancement of Science,c[1987] a186 p. :bmaps ; aPapers presented at a symposium organized by Sri Lanka Association for the Advancement of Science in 1986. 0aEnvironmental chemistry 0aPollution1 aDissanayake, C. B.1 aGunatilaka, Leslie. cBK c2469d2469 0010708NFICaICbICcGENd2015-10-29l0o551 SOMp005349r2022-11-17 00:00:00w2015-10-29yBK 0010708NFICaICbICcGENd2015-10-29l0o551 SOMp005319r2022-11-17 00:00:00w2015-10-29yBK 0010708NFICaICbICcGENd2015-10-29l0o551 SOMp003068r2015-10-29 00:00:00w2015-10-29yREF 0010708NFICaICbICcGENd2016-10-09l1o551 somp003069r2022-11-17 00:00:00s2016-12-26w2016-10-09yBK